[Event "Campeonato de Aragon por Equipos 2009"]
[Site "Aragon"]
[Date "2009.03.14"]
[Round "7.24"]
[White "Osorio Marin Alejandro"]
[Black "Cuello Borau Jorge"]
[Result "0-1"]
[WhiteElo "1977"]
[BlackElo "1863"]

1.d4 d5 2.Nf3 e6 3.c4 dxc4 4.Nc3 Nf6 5.Bf4 c5 6.dxc5 Nd5 7.Nxd5 Qxd5 8.g3 Qxc5
9.Bg2 Be7 10.O-O O-O 11.Rc1 Qa5 12.Ne5 Bf6 13.Nxc4 Qxa2 14.Qc2 Qa6 15.Ra1 Qb5
16.Ra5 Qe8 17.Bxb8 Rxb8 18.Rxa7 Bd4 19.Ra3 Qe7 20.e3 Bc5 21.Raa1 e5 22.Qc3 f6
23.Nd2 Bb4 24.Qc2 Be6 25.Nf3 Rfc8 26.Qa4 b5 27.Qd1 Bc4 28.b3 Bxf1 29.Bxf1 Bc3
30.Ra6 Qb7 31.Rd6 Ra8 32.Qd5+ Qxd5 33.Rxd5 b4 34.Kg2 Rab8 35.Ba6 Rd8 36.Rxd8+
Rxd8 37.Bc4+ Kf8 38.e4 Ke7 39.Kf1 Ra8 40.Ke2 Ra2+ 41.Kf1 Bd4 42.Nxd4 exd4 43.
Ke1 g5 44.Bd3 Rb2 45.Bc4 Kd6 46.Bg8 h6 47.Bf7 Ke5 48.Bd5 f5 49.h4 fxe4 50.Bc4
gxh4 51.gxh4 Kf4 0-1

[Event "Campeonato de Aragon por Equipos 2009"]
[Site "Aragon"]
[Date "2009.03.14"]
[Round "7.26"]
[White "Solano Lasierra Javier"]
[Black "Alonso Fernandez Revuelta Rodri"]
[Result "1/2-1/2"]
[WhiteElo "2144"]
[BlackElo "2129"]

1.c4 c6 2.d4 d5 3.e3 Nf6 4.Nf3 Bg4 5.Nbd2 e6 6.Be2 dxc4 7.Nxc4 Nbd7 8.O-O Be7
9.Nce5 Nxe5 10.Nxe5 Bxe2 11.Qxe2 O-O 12.Rd1 Nd7 13.Nd3 Qb6 14.Bd2 c5 15.dxc5
Nxc5 16.Nxc5 Bxc5 17.Bc3 Rfd8 18.Qg4 Bf8 19.h3 Rxd1+ 20.Rxd1 Rd8 21.Rxd8
1/2-1/2

[Event "Campeonato de Aragon por Equipos 2009"]
[Site "Aragon"]
[Date "2009.03.14"]
[Round "7.27"]
[White "Galvez Perez Jose Luis"]
[Black "Felez Casedas Carlos"]
[Result "1/2-1/2"]
[WhiteElo "2072"]
[BlackElo "1990"]

1.c4 e6 2.Nf3 d5 3.b3 Nf6 4.Bb2 Be7 5.g3 O-O 6.Bg2 c5 7.O-O Nc6 8.e3 dxc4 9.
bxc4 Qd3 10.Qb3 Rd8 11.Rd1 Qxb3 12.axb3 Nb4 13.d4 a6 14.Nc3 cxd4 15.exd4 Rb8
16.Ne5 Nd7 17.Ba3 Bf8 18.Ng4 Nc2 19.Bxf8 Kxf8 20.Rac1 Nb4 21.Ne3 Nf6 22.d5
exd5 23.Ncxd5 Nfxd5 24.cxd5 b5 25.Rd4 a5 26.Ra1 Na6 27.Rxa5 Nc5 28.Rb4 Bd7 29.
Nc2 Nd3 30.Rh4 h6 31.Nd4 Ne5 32.Nc6 Bxc6 33.dxc6 Rd1+ 34.Bf1 Nf3+ 35.Kg2 Nxh4+
36.gxh4 Rc1 37.Bxb5 Rxb5 38.Rxb5 Rxc6 39.Re5 Rb6 40.Re3 Rb4 41.Kg3 h5 42.h3 g6
43.Kf3 Rxh4 44.Ke2 Rd4 45.Rd3 Re4+ 46.Kd2 Rf4 47.Kc3 Rxf2 48.b4 g5 49.b5 g4
50.hxg4 hxg4 51.Rd4 Rf6 52.Rxg4 Ke7 53.Rd4 Rd6 1/2-1/2

[Event "Campeonato de Aragon por Equipos 2009"]
[Site "Aragon"]
[Date "2009.03.14"]
[Round "7.28"]
[White "Betran Rabal Alberto"]
[Black "Carraminana Lopez Luis Antonio"]
[Result "0-1"]
[WhiteElo "1973"]
[BlackElo "1961"]

1.e4 c5 2.Nf3 Nc6 3.c3 e6 4.d4 d5 5.exd5 Qxd5 6.Be3 Nf6 7.Nbd2 Be7 8.h3 Bd7 9.
Bc4 Qh5 10.Be2 Qd5 11.O-O cxd4 12.Nxd4 Nxd4 13.Bxd4 Bc6 14.Bf3 Qd7 15.Nc4 O-O
16.Ne5 Bxf3 17.Nxd7 Bxd1 18.Nxf8 Ba4 19.Nxe6 fxe6 20.Rfe1 Kf7 21.Re5 b6 22.b3
Bd7 23.Rd1 Rc8 24.c4 Rc6 25.Re2 Rd6 26.Rdd2 Bc6 27.f3 Rxd4 28.Rxd4 Bc5 0-1

[Event "Campeonato de Aragon por Equipos 2009"]
[Site "Aragon"]
[Date "2009.03.14"]
[Round "7.29"]
[White "Cid Royo Jonathan"]
[Black "Martinez Asensio Juan M"]
[Result "1-0"]
[WhiteElo "2269"]
[BlackElo "2180"]

1.e4 c5 2.Nf3 e6 3.d4 cxd4 4.Nxd4 Nc6 5.Nc3 Qc7 6.Nb3 Nf6 7.Bd3 Be7 8.O-O O-O
9.Bg5 a6 10.a4 b6 11.f4 d6 12.Qf3 Rb8 13.Kh1 Nb4 14.Rae1 e5 15.Nd2 exf4 16.
Bxf4 Ng4 17.Nd5 Nxd5 18.exd5 g6 19.Bg3 Ne5 20.Rxe5 dxe5 21.Bxe5 Qxe5 1-0

[Event "Campeonato de Aragon por Equipos 2009"]
[Site "Aragon"]
[Date "2009.03.14"]
[Round "7.30"]
[White "Martin Catalan Juan Vicente"]
[Black "Accattato Martin Mario"]
[Result "1/2-1/2"]
[WhiteElo "2114"]
[BlackElo "2084"]

1.d4 d5 2.Nf3 Nf6 3.Bf4 Nbd7 4.e3 g6 5.h3 Bg7 6.Bd3 O-O 7.O-O c5 8.c3 b6 9.
Nbd2 Bb7 10.b4 cxb4 11.cxb4 Ne4 12.Rc1 Nd6 13.Qb3 a6 14.a4 Rc8 15.Qb1 Re8 16.
Rfd1 f6 17.Bxd6 exd6 18.Rxc8 Qxc8 19.Rc1 Qb8 20.Rc3 f5 21.Qc2 Rc8 22.Rxc8+
Qxc8 23.Qxc8+ Bxc8 24.Nb1 Nf6 25.Nbd2 Kf7 26.Kf1 1/2-1/2

[Event "Campeonato de Aragon por Equipos 2009"]
[Site "Aragon"]
[Date "2009.03.14"]
[Round "7.31"]
[White "Cid Royo Oscar"]
[Black "Barcena Laguia Francisco"]
[Result "1/2-1/2"]
[WhiteElo "2080"]
[BlackElo "1963"]

1.d4 Nf6 2.Nf3 c5 3.c3 e6 4.g3 d5 5.Bg2 Nbd7 6.O-O Be7 7.b3 O-O 8.Bb2 b6 9.
Nbd2 Bb7 10.Ne5 cxd4 11.cxd4 Ne4 12.Nxe4 dxe4 13.Rc1 Nxe5 14.dxe5 Rc8 15.Rxc8
Qxc8 16.Qb1 e3 17.fxe3 Bxg2 18.Kxg2 Rd8 19.Rd1 g6 20.Rxd8+ Bxd8 21.Qd3 Qc6+
22.e4 Be7 23.Kf3 b5 24.Qc3 Qa6 25.Bc1 Qxa2 26.Bh6 Qb1 1/2-1/2

[Event "Campeonato de Aragon por Equipos 2009"]
[Site "Aragon"]
[Date "2009.03.14"]
[Round "7.32"]
[White "Gomez Calomarde Saul"]
[Black "Accattato Martin Nicola"]
[Result "1-0"]
[WhiteElo "1945"]
[BlackElo "1875"]

1.d4 d5 2.Bf4 Nf6 3.e3 Bg4 4.Nf3 e6 5.h3 Bh5 6.g4 Bg6 7.Ne5 Nbd7 8.h4 Be4 9.f3
Nxe5 10.dxe5 Nxg4 11.fxe4 h5 12.Nc3 Be7 13.Qf3 Bxh4+ 14.Ke2 g5 15.Bg3 dxe4 16.
Nxe4 Bxg3 17.Rd1 Qe7 18.Qxg3 Qb4 19.Qxg4 hxg4 20.Nf6+ Kf8 21.Rxh8+ Kg7 22.Rxa8
Qb5+ 23.Kd2 Qxe5 24.Nh5+ Kg6 25.Bd3+ f5 26.Rg8+ Kf7 27.Rg7+ Kf8 28.Kc1 Qxe3+
29.Kb1 Qf3 30.Bc4 c5 1-0

[Event "Campeonato de Aragon por Equipos 2009"]
[Site "Aragon"]
[Date "2009.03.14"]
[Round "7.33"]
[White "Malo Guillen Jose Luis"]
[Black "Hinojar Basa Alfonso"]
[Result "0-1"]
[WhiteElo "2162"]
[BlackElo "2216"]

1.d4 Nf6 2.c4 c5 3.e3 e6 4.Nc3 Nc6 5.Nf3 Qc7 6.Be2 a6 7.O-O d6 8.h3 Be7 9.b3
O-O 10.Bb2 b6 11.Rc1 Bb7 12.Qc2 Rfd8 13.Rfd1 Rac8 14.Ng5 h6 15.Nge4 Nxe4 16.
Nxe4 Nb4 17.Qb1 Nxa2 18.Qxa2 Bxe4 19.d5 e5 20.f3 Bg6 21.f4 Ra8 22.Rf1 f6 23.
Bg4 b5 24.Be6+ Kh7 25.Bc3 b4 26.Be1 a5 27.Bh4 a4 28.bxa4 Ra5 29.Qf2 Rxa4 30.
fxe5 dxe5 31.Bf5 Bxf5 32.Qxf5+ Kh8 33.Qg6 Bf8 34.Rxf6 gxf6 35.Qxf6+ Bg7 36.
Qxd8+ Qxd8 37.Bxd8 e4 38.Rb1 Kg8 39.Bb6 Ra1 40.Rxa1 Bxa1 41.Bxc5 b3 42.Ba3 b2
43.Bxb2 Bxb2 44.g4 Ba3 45.Kg2 Kf7 46.h4 Kg6 47.Kg3 Bd6+ 48.Kg2 Kf6 49.Kf2 Ke5
50.Kg3 Be7 51.g5 hxg5 52.h5 Kf5 53.h6 Bd6+ 54.Kh3 Kg6 55.Kg4 Kxh6 56.Kf5 Kh5
57.Kxe4 g4 58.Kd4 g3 59.c5 Bb8 0-1

[Event "Campeonato de Aragon por Equipos 2009"]
[Site "Aragon"]
[Date "2009.03.14"]
[Round "7.34"]
[White "Portero Garnica Miguel Angel"]
[Black "Alonso Blasco Jose Miguel"]
[Result "1-0"]
[WhiteElo "2179"]
[BlackElo "2098"]

1.e4 c6 2.d4 d5 3.e5 Bf5 4.Nf3 e6 5.Be2 c5 6.Be3 Nd7 7.O-O Ne7 8.c4 cxd4 9.
Bxd4 dxc4 10.Bxc4 Nc6 11.Nc3 a6 12.Re1 Qc7 13.h3 Nxd4 14.Qxd4 Bc5 15.Qf4 h6
16.Bb3 O-O 17.Nd5 Qb8 18.Ne3 Qa7 19.Rad1 Bxe3 20.Rxe3 Nc5 21.g4 Bh7 22.g5 Nxb3
23.gxh6 Nc5 24.Qg5 Bg6 25.hxg7 Kxg7 26.Qf6+ Kg8 27.Rd4 b5 28.Rh4 Bh7 29.Rxh7
Kxh7 30.Ng5+ Kg8 31.Rg3 Rfb8 32.Nxe6+ 1-0

[Event "Campeonato de Aragon por Equipos 2009"]
[Site "Aragon"]
[Date "2009.03.14"]
[Round "7.35"]
[White "Querol Soro Sergio"]
[Black "Sancho Cortes Miguel Angel"]
[Result "0-1"]
[WhiteElo "1959"]
[BlackElo "2092"]

1.b4 Nf6 2.Bb2 e6 3.b5 c5 4.Nf3 d5 5.e3 Bd6 6.Be2 Nbd7 7.O-O O-O 8.c4 e5 9.
cxd5 Nxd5 10.Nc3 N5f6 11.d3 Qe7 12.Qc2 Nb6 13.Rfe1 Bf5 14.a4 Rac8 15.a5 Nbd5
16.Nxd5 Nxd5 17.e4 Nb4 18.Qd2 Bd7 19.b6 axb6 20.axb6 Rc6 21.Bc3 Rxb6 22.Reb1
Ra6 23.Qb2 f6 24.Bxb4 cxb4 25.Rxa6 bxa6 26.Qa2+ Qe6 27.Qxa6 Bc5 28.Qxe6+ Bxe6
29.Nd2 Ra8 30.Nc4 Ra2 31.Kf1 Bd7 32.f3 Ba4 33.Ke1 Bc2 34.Rb2 b3 35.Bd1 Ra1 0-1

[Event "Campeonato de Aragon por Equipos 2009"]
[Site "Aragon"]
[Date "2009.03.14"]
[Round "7.36"]
[White "Sebastian Bespin Ruben"]
[Black "Mombiela de Sus Jose Luis"]
[Result "0-1"]
[WhiteElo "2086"]
[BlackElo "1957"]

1.e4 d5 2.exd5 Nf6 3.Bb5+ Bd7 4.Bc4 Bg4 5.f3 Bc8 6.Nc3 Nbd7 7.Qe2 Nb6 8.Qd3 g6
9.Ne4 Bg7 10.Nxf6+ Bxf6 11.Bb5+ Kf8 12.Ne2 Qxd5 13.Qxd5 Nxd5 14.c3 c6 15.Ba4
Bh4+ 16.g3 Bg5 17.h4 Bf6 18.Bc2 h5 19.d4 b6 20.Nf4 Bb7 21.Kf2 Rd8 22.Nd3 Ba6
23.Rd1 Kg7 24.Ne5 Bb7 25.a3 c5 26.f4 cxd4 27.Rxd4 Nc7 28.Be3 Ne6 29.Rd7 Rxd7
30.Nxd7 Rc8 31.Nxf6 Kxf6 32.Rd1 Rc7 33.a4 Kg7 34.f5 Nc5 35.fxg6 fxg6 36.Bf4
Rc8 37.Ke3 Rf8 38.b4 Ne6 39.Rd7 Nxf4 40.gxf4 Bc6 41.Rxe7+ Kf6 42.Rxa7 Re8+ 43.
Kf2 Be4 44.Bb3 Kf5 45.Kg3 Bc6 46.Rf7+ Ke4 47.Bc2+ Ke3 48.Bxg6 Rg8 49.f5 Kd3
50.Kf4 Re8 51.f6+ Be4 52.Rd7+ 0-1

[Event "Campeonato de Aragon por Equipos 2009"]
[Site "Aragon"]
[Date "2009.03.14"]
[Round "7.37"]
[White "Romon Poves Raul"]
[Black "Juberias Segura Santiago"]
[Result "1-0"]
[WhiteElo "2251"]
[BlackElo "2125"]

1.d4 Nf6 2.c4 g6 3.Nc3 Bg7 4.e4 d6 5.f3 e5 6.Nge2 O-O 7.Be3 Nc6 8.Qd2 exd4 9.
Nxd4 Nxd4 10.Bxd4 Nh5 11.Bxg7 Nxg7 12.O-O-O Be6 13.h4 h5 14.Be2 Kh7 15.g4 Rh8
16.gxh5 Nxh5 17.f4 Ng3 18.Rhg1 Qxh4 19.Bd3 Bh3 20.f5 Bg4 21.Rde1 Bh5 22.Qe3
Nxf5 23.exf5 Rae8 24.fxg6+ fxg6 25.Qd2 Rxe1+ 26.Rxe1 Rf8 27.Ne4 Qf4 28.Qxf4
Rxf4 29.Kc2 Kg7 30.Ng3 Rf2+ 31.Kc3 Bg4 32.Re7+ Rf7 33.Rxf7+ Kxf7 34.Ne4 Ke6
35.Kd4 Bd1 36.Nf2 Bh5 37.Nh3 c5+ 38.Ke3 d5 39.Nf4+ Ke5 40.cxd5 1-0

[Event "Campeonato de Aragon por Equipos 2009"]
[Site "Aragon"]
[Date "2009.03.14"]
[Round "7.38"]
[White "Antonano Fernandez Avelino"]
[Black "Gil Capape MA"]
[Result "1-0"]
[WhiteElo "2102"]
[BlackElo "2161"]

1.Nf3 d5 2.b3 Nc6 3.Bb2 f6 4.d4 Bf5 5.Nh4 Bg4 6.h3 Bh5 7.g4 Bf7 8.Nf3 e6 9.Qd2
Bd6 10.Nc3 a6 11.Bg2 Nge7 12.O-O-O Ng6 13.e3 Qe7 14.Kb1 Bb4 15.Ne1 Nh4 16.f4
Nxg2 17.Qxg2 O-O-O 18.Nd3 Bg6 19.Nxb4 Nxb4 20.Rd2 c5 21.a3 Nc6 22.Rf1 Rd7 23.
f5 cxd4 24.exd4 exf5 25.gxf5 Bh5 26.Nxd5 Qd8 27.Nf4 Bf7 28.Ne6 Qg8 29.d5 Nd8
30.Rf4 b5 31.Rg4 Bh5 32.Rxg7 Rxg7 33.Nxg7 Bf7 34.Bxf6 Qf8 35.d6 Bd5 36.Qxd5
Qxf6 37.Qa8+ Kd7 38.Qa7+ 1-0

[Event "Campeonato de Aragon por Equipos 2009"]
[Site "Aragon"]
[Date "2009.03.14"]
[Round "7.39"]
[White "Argueso Pascual Jorge"]
[Black "Garcia Andres Daniel"]
[Result "1-0"]
[WhiteElo "1978"]
[BlackElo "2039"]

1.d4 d6 2.e4 g6 3.Nf3 Bg7 4.Bc4 Nd7 5.Bxf7+ Kf8 6.Ng5 Ndf6 7.Bb3 Nh6 8.O-O Ke8
9.Qe2 c6 10.e5 dxe5 11.dxe5 Nfg4 12.Bf4 Qd4 13.Bg3 Bxe5 14.Re1 Bf6 15.Ne4 Bf5
16.Nbc3 Kf8 17.Rad1 Qb4 18.a3 Bxc3 19.axb4 1-0

[Event "Campeonato de Aragon por Equipos 2009"]
[Site "Aragon"]
[Date "2009.03.14"]
[Round "7.40"]
[White "Lahoz Gimeno Mauel"]
[Black "Argueso Palomino Manuel"]
[Result "0-1"]
[WhiteElo "2013"]
[BlackElo "1832"]

1.e4 c6 2.d4 d5 3.e5 Bf5 4.Bd3 Bxd3 5.Qxd3 e6 6.Nf3 Nd7 7.O-O Rc8 8.c3 Qc7 9.
Be3 Ne7 10.Nbd2 c5 11.Nh4 Ng6 12.Nxg6 hxg6 13.Nf3 Be7 14.Rac1 c4 15.Qc2 b5 16.
Ng5 Nf8 17.f4 Qd7 18.Rf2 f6 19.Nf3 Kf7 20.g4 Qe8 21.f5 gxf5 22.gxf5 Kg8 23.Rg2
Qh5 24.Rf1 Qxf5 25.Qd2 Qh5 26.exf6 Bxf6 27.Ne5 Bxe5 28.dxe5 Rc7 29.Qf2 Rf7 30.
Qxf7+ Qxf7 31.Rxf7 Kxf7 32.Bxa7 Rh5 33.Rf2+ Rf5 34.Bd4 Rxf2 35.Kxf2 Kg6 36.Ke3
Kf5 37.b3 Nd7 38.bxc4 dxc4 39.h3 g6 40.Ba7 Nxe5 41.Bb8 Nc6 42.Bg3 e5 43.a3 Ne7
44.Be1 Nd5+ 45.Kf3 g5 46.Bd2 Nf4 47.Kg3 e4 48.Be3 Ne2+ 49.Kf2 Nxc3 50.Bd4 Nd5
51.Ke2 Nf4+ 0-1

[Event "Campeonato de Aragon por Equipos 2009"]
[Site "Aragon"]
[Date "2009.03.14"]
[Round "7.41"]
[White "Horton Justin"]
[Black "Villuendas Valero Adrian"]
[Result "1-0"]
[WhiteElo "2137"]
[BlackElo "2195"]

1.d4 e6 2.c4 Nf6 3.Nf3 Bb4+ 4.Bd2 Qe7 5.g3 Nc6 6.Bg2 Bxd2+ 7.Nbxd2 d6 8.O-O
O-O 9.e4 e5 10.d5 Nb8 11.b4 a5 12.a3 Na6 13.Qb3 axb4 14.axb4 Bg4 15.Rfb1 Bxf3
16.Qxf3 c5 17.dxc6 bxc6 18.Qe2 Nc7 19.Nb3 Ne6 20.Qd2 c5 21.b5 Nd4 22.Nxd4 cxd4
23.f4 Qc7 24.Rxa8 Rxa8 25.fxe5 dxe5 26.Qb4 Nd7 27.b6 Qc6 28.Qb5 Qd6 29.Qd5
Qxd5 30.exd5 f5 31.b7 Rb8 32.Rb5 Kf7 33.d6 Ke6 34.c5 Nxc5 35.Rxc5 e4 36.Rc7
Kxd6 37.Rxg7 h6 38.Bh3 Ke6 39.Rg6+ Ke5 40.Rb6 d3 41.Kf2 f4 42.gxf4+ Kxf4 43.
Bc8 e3+ 44.Ke1 h5 45.Rf6+ Ke4 46.Rf8 Kd4 47.Rf7 Kc3 48.Rc7+ Kd4 49.h4 Ke4 50.
Rc4+ Kf3 51.Ra4 1-0

[Event "Campeonato de Aragon por Equipos 2009"]
[Site "Aragon"]
[Date "2009.03.14"]
[Round "7.42"]
[White "Cantin Zaborras Valentin"]
[Black "Abos Rosico Antonio"]
[Result "1-0"]
[WhiteElo "2117"]
[BlackElo "2047"]

1.e4 d6 2.d4 Nf6 3.Nc3 g6 4.Bc4 c6 5.Qe2 Bg7 6.e5 dxe5 7.dxe5 Ng4 8.e6 f5 9.
Nf3 O-O 10.O-O b5 11.Rd1 Qc7 12.Bb3 Bb7 13.h3 Ne5 14.Bf4 Nxf3+ 15.Qxf3 Qb6 16.
Be3 Qc7 17.Bc5 Kh8 18.Rd3 a5 19.a3 Na6 20.Rd7 Qxd7 21.exd7 Nxc5 22.Qe3 Nxb3
23.cxb3 Rad8 24.Qxe7 Bf6 25.Qe6 Kg7 26.Rd1 Rf7 27.g4 fxg4 28.Ne4 Bh4 29.Qxg4
Be7 30.Qe6 c5 31.Qe5+ Kg8 32.Nxc5 Bf3 33.Re1 Bf8 34.Qe8 Rfxd7 35.Nxd7 Rxe8 36.
Rxe8 Bc6 37.Rxf8+ Kg7 38.Rd8 1-0

[Event "Campeonato de Aragon por Equipos 2009"]
[Site "Aragon"]
[Date "2009.03.14"]
[Round "7.43"]
[White "Gonzalez Gambau Jorge"]
[Black "Valiente Roy Jose Javier"]
[Result "1/2-1/2"]
[WhiteElo "2033"]
[BlackElo "2088"]

1.e4 c6 2.d4 d5 3.Nc3 dxe4 4.Nxe4 Bf5 5.Ng3 Bg6 6.Bc4 e6 7.N1e2 Bd6 8.h4 h6 9.
Nf4 Bxf4 10.Bxf4 Nf6 11.Qe2 O-O 12.h5 Bh7 13.O-O-O Nbd7 14.Bd3 Bxd3 15.Rxd3
Re8 16.Ne4 Nxe4 17.Qxe4 Nf6 18.Qf3 Qd5 19.Be5 Qxf3 20.Rxf3 Nd7 21.Rg3 Nxe5 22.
dxe5 Rad8 23.Rh4 Kh7 24.Rhg4 Rg8 25.Rf3 Rgf8 26.Rfg3 Rg8 27.Ra3 a6 28.Rb3 Rd7
29.Rbg3 Rd5 30.Rf3 Rgd8 31.b3 Rf8 32.Re4 Rd7 33.Rg4 c5 34.Kb2 b5 35.a4 b4 36.
Kc1 Rd5 37.Re4 a5 38.Rd3 Rxd3 39.cxd3 Rd8 40.Kd2 g6 41.g4 g5 42.Ke3 Rd5 43.Ke2
Kg7 44.Ke3 Kf8 45.Ke2 Ke7 46.Ke3 Kd7 47.d4 Kc6 48.dxc5 Rxc5 49.Kd4 Rd5+ 50.Ke3
Rc5 51.Kd4 Rc2 52.f4 gxf4 53.Rxf4 Rg2 54.Ke4 Rg3 55.Rxf7 Rxg4+ 56.Kf3 Rg5 57.
Rf6 Rxh5 58.Rxe6+ Kd5 59.Ra6 Rh3+ 60.Kf4 Rxb3 61.Rxa5+ Kc4 62.e6 Rb1 63.e7
Rf1+ 64.Ke5 b3 65.Kd6 Rd1+ 66.Kc6 Re1 67.Kd6 Rd1+ 68.Kc6 Re1 69.Kd7 Rd1+
1/2-1/2

[Event "Campeonato de Aragon por Equipos 2009"]
[Site "Aragon"]
[Date "2009.03.14"]
[Round "7.44"]
[White "Navarro Castan Jesus"]
[Black "Perez Puyal Jose J"]
[Result "0-1"]
[WhiteElo "1862"]
[BlackElo "1867"]

1.e4 d5 2.exd5 Qxd5 3.Nc3 Qa5 4.d4 e5 5.Nf3 Bb4 6.Bd2 exd4 7.Nxd4 Ne7 8.Be2
O-O 9.O-O Rd8 10.Nb3 Qb6 11.Qe1 Qg6 12.Bd3 Bf5 13.Bxf5 Nxf5 14.Qe4 Nc6 15.Rfe1
Nfd4 16.Nxd4 Nxd4 17.Rac1 Nc6 18.Bf4 Ba5 19.Rcd1 Qxe4 20.Nxe4 Bxe1 21.Rxe1 Re8
22.Kf1 Re7 23.Nc5 Rxe1+ 24.Kxe1 Ne7 25.c3 b6 26.Na6 c5 27.Bd6 Nf5 28.Bb8 Ne7
29.Ke2 Nc6 30.Bg3 Re8+ 31.Kd3 Ne5+ 32.Kc2 f6 33.Nc7 Re7 34.Nb5 Rd7 35.b3 a6
36.Na3 b5 37.f4 Ng4 38.Kc1 Ne3 39.Bf2 Rd1+ 0-1

[Event "Campeonato de Aragon por Equipos 2009"]
[Site "Aragon"]
[Date "2009.03.14"]
[Round "7.45"]
[White "Cebrian Valverde Jose Antonio"]
[Black "Fernandez Rubio Rafael"]
[Result "1-0"]
[WhiteElo "2200"]
[BlackElo "2025"]

1.d4 Nf6 2.c4 g6 3.Nc3 Bg7 4.e4 d6 5.Be2 O-O 6.Nf3 e5 7.O-O Nc6 8.d5 Ne7 9.Ne1
Ne8 10.Nd3 f5 11.exf5 gxf5 12.f4 e4 13.Ne1 c5 14.dxc6 bxc6 15.Be3 Be6 16.Nc2
c5 17.Qd2 Qb6 18.b4 Qc6 19.b5 Qc7 20.a4 Qa5 21.Ra3 Bxc3 22.Qxc3 Qxc3 23.Rxc3
Nf6 24.Rd1 Rfd8 25.Bf2 Rac8 26.Bh4 Kf7 27.Rh3 Ng6 28.Bg5 d5 29.cxd5 Rxd5 30.
Rxd5 Bxd5 31.Ne3 Be6 32.Bc4 Bxc4 33.Nxc4 Rc7 34.a5 Ke6 35.b6 axb6 36.axb6 Rb7
37.Ra3 Nd5 38.Ra7 Rb8 39.g3 Nf8 40.b7 Nd7 41.Ra6+ Kf7 42.Rd6 N5f6 43.Ne5+ Nxe5
44.Rxf6+ Ke8 45.Re6+ Kf7 46.Rxe5 Rxb7 47.Rxf5+ Kg6 48.Rxc5 Rb1+ 49.Kg2 Rb2+
50.Kh3 h5 51.Rc6+ Kf5 52.Rf6# 1-0

[Event "Campeonato de Aragon por Equipos 2009"]
[Site "Aragon"]
[Date "2009.03.14"]
[Round "7.46"]
[White "Vera Jimenez Andres"]
[Black "Gimeno Oteo Marco Antonio"]
[Result "0-1"]
[WhiteElo "2014"]
[BlackElo "2161"]

1.d4 d5 2.Nf3 Nc6 3.Bf4 Bg4 4.Nbd2 Nf6 5.h3 Bh5 6.c3 e6 7.e3 Bd6 8.Bxd6 Qxd6
9.Be2 O-O-O 10.Qa4 Kb8 11.Bb5 Nd7 12.Bxc6 Nb6 13.Qb5 a6 14.Qc5 bxc6 15.Ne5 Kb7
16.Nb3 f6 17.Na5+ Ka8 18.Qxc6+ Qxc6 19.Nexc6 Rd6 20.Nb4 Nd7 21.Nd3 Bg6 22.Kd2
Bxd3 23.Kxd3 c5 24.dxc5 Nxc5+ 25.Ke2 Rb8 26.Rab1 Rb5 27.b4 Na4 28.Rhc1 Nb6 29.
Nb3 Nc4 30.a4 Rb8 31.a5 Ka7 32.Nd2 Rc6 33.Nb3 Na3 34.Ra1 Nb5 35.Nc5 Rd8 36.Ra2
e5 37.Rd2 d4 38.c4 Nc7 39.exd4 exd4 40.Rcd1 Rb8 41.b5 axb5 42.Nd7 Re8+ 43.Kf1
bxc4 44.Rxd4 Nb5 45.Rd5 c3 46.Nc5 Re7 47.Rd7+ Rc7 48.Rxe7 Rxe7 49.Rc1 Rc7 50.
Ne4 Ka6 51.Ke2 Kxa5 52.Kd3 Rd7+ 53.Kc2 Kb4 54.Rb1+ Kc4 55.Ra1 Nd4+ 56.Kb1 c2+
0-1

[Event "Campeonato de Aragon por Equipos 2009"]
[Site "Aragon"]
[Date "2009.03.14"]
[Round "7.47"]
[White "Gutierrez Minguenza Ruben"]
[Black "Sierra Aguerri Joaquin"]
[Result "0-1"]
[WhiteElo "2068"]
[BlackElo "1990"]

1.Nf3 Nf6 2.d4 d5 3.g3 e6 4.Bg2 Be7 5.O-O O-O 6.c4 c6 7.Qc2 Nbd7 8.Rd1 b6 9.b3
Bb7 10.Bb2 Rc8 11.Nc3 Qc7 12.Rac1 Qb8 13.Qb1 a6 14.Nd2 c5 15.dxc5 d4 16.c6
Rxc6 17.Nce4 e5 18.Nxf6+ Rxf6 19.Ne4 Rg6 20.f3 f5 21.Nf2 Bg5 22.Rc2 h5 23.Bc1
Be7 24.Kh1 h4 25.g4 fxg4 26.Nxg4 h3 27.Bxh3 e4 28.Rxd4 exf3 29.exf3 0-1

[Event "Campeonato de Aragon por Equipos 2009"]
[Site "Aragon"]
[Date "2009.03.14"]
[Round "7.48"]
[White "Sancho Casale Jesus"]
[Black "Palomar Ramon Santiago"]
[Result "0-1"]
[WhiteElo "1901"]
[BlackElo "2022"]

1.d4 Nf6 2.c4 d6 3.Nc3 e5 4.Nf3 Nc6 5.d5 Ne7 6.e4 g6 7.Be2 Bg7 8.Be3 Ng4 9.Bg5
h6 10.Bh4 O-O 11.Nd2 Nf6 12.f3 Nh5 13.Qc2 f5 14.O-O-O a6 15.exf5 gxf5 16.g4
Nf4 17.gxf5 Bxf5 18.Nde4 Qd7 19.Rdg1 Neg6 20.Be1 Nh3 21.Rg3 Ngf4 22.Bf1 Nh5
23.Rg2 Ng5 24.Qd1 Bxe4 25.fxe4 Nf4 26.Rg4 Nfh3 27.Bxh3 Nxh3 28.Bh4 Kh7 29.Rg2
Rf4 30.Qh5 Qf7 31.Qxf7 Rxf7 32.Ne2 Raf8 33.Kd2 h5 34.Ke1 Bh6 35.Ng3 Rf4 36.Rf1
Rxh4 0-1

[Event "Campeonato de Aragon por Equipos 2009"]
[Site "Aragon"]
[Date "2009.03.14"]
[Round "7.49"]
[White "Lopez Gracia Fernando"]
[Black "Gracia Campo Carlos Alberto"]
[Result "1-0"]
[WhiteElo "2297"]
[BlackElo "2090"]

1.e4 d6 2.d4 Nf6 3.Nc3 g6 4.f4 Bg7 5.Nf3 O-O 6.Bd3 c5 7.dxc5 dxc5 8.e5 Nd5 9.
Nxd5 Qxd5 10.Qe2 Nc6 11.Bc4 Qd8 12.Be3 Bg4 13.c3 Qc7 14.O-O Rad8 15.Rad1 a6
16.h3 Bxf3 17.Qxf3 e6 18.Qf2 Rxd1 19.Rxd1 Rd8 20.Rxd8+ Qxd8 21.Bxc5 Bf8 22.
Bxf8 Kxf8 23.Qc5+ Kg7 24.Bxa6 bxa6 25.Qxc6 Qd1+ 26.Kh2 Qd2 27.Qc4 Qxb2 28.Qxa6
Qxc3 29.Qe2 Qa3 30.h4 h5 31.Qc4 Kf8 32.Qb3 Qc1 33.Qb4+ Ke8 34.a4 Qc6 35.a5 Qa6
36.Kg1 Qe2 37.Qb8+ Kd7 38.Qd6+ Ke8 39.Qb4 Kd7 40.Kh2 Qf1 41.Qa4+ Kc7 42.Qd4
Qa6 43.Qc5+ Qc6 44.Qf8 Qd7 45.a6 Kb6 46.Qd6+ Qc6 47.a7 1-0

[Event "Campeonato de Aragon por Equipos 2009"]
[Site "Aragon"]
[Date "2009.03.14"]
[Round "7.50"]
[White "Veras Sanz Martin Marino"]
[Black "Gimenez Martinez Alberto"]
[Result "0-1"]
[WhiteElo "2081"]
[BlackElo "2090"]

1.Nf3 Nf6 2.g3 d5 3.Bg2 Bf5 4.O-O e6 5.c4 c6 6.d3 h6 7.h3 Nbd7 8.Be3 Bd6 9.Qb3
Qb8 10.Nbd2 e5 11.Nh4 Be6 12.f4 d4 13.f5 Nc5 14.Qc2 dxe3 15.fxe6 exd2 16.exf7+
Kd7 17.Ng6 Rd8 18.d4 exd4 19.Qf5+ Kc7 20.b4 Ncd7 21.c5 Bf8 22.Kh2 Kc8 23.Rf4
a5 24.Rxd4 axb4 25.Rxd2 Ra5 26.Rc1 h5 27.Nf4 Qe5 0-1

[Event "Campeonato de Aragon por Equipos 2009"]
[Site "Aragon"]
[Date "2009.03.14"]
[Round "7.51"]
[White "Arregui Untoria Carlos"]
[Black "Bailo Remacha Santiago"]
[Result "1-0"]
[WhiteElo "2003"]
[BlackElo "2038"]

1.d4 g6 2.c4 Bg7 3.Nc3 b6 4.e4 Bb7 5.f3 c5 6.d5 d6 7.Be3 Nd7 8.Nge2 Ne5 9.Nc1
Qd7 10.Qd2 Ba6 11.b3 f5 12.Rb1 Nf6 13.Nd3 fxe4 14.Nxe5 dxe5 15.Nxe4 Nxe4 16.
fxe4 Qg4 17.Bd3 O-O 18.Qe2 Qh4+ 19.Bf2 Qf6 20.O-O Qg5 21.Be3 Qh4 22.Bf2 Qg5
23.Be3 Qh4 24.Bf2 Qh6 25.Be3 g5 26.Qd2 Bf6 27.Rf5 Bc8 28.Bxg5 Qg6 29.Bxf6 Bxf5
30.Bxe7 Bxe4 31.Bxe4 Qxe4 32.Qg5+ Qg6 33.Qxg6+ hxg6 34.Bxf8 Kxf8 35.Re1 Re8
36.Kf2 Kf7 37.Ke3 Rh8 38.Kf3 Kf6 39.h3 Rh4 40.Re4 Rh5 41.a3 a5 42.Ke2 Rh8 43.
Re3 Rh4 44.g4 Rh8 45.Kd3 a4 46.Ke4 Ra8 47.Rf3+ Ke7 48.Kxe5 g5 49.d6+ Kd7 50.
Kd5 axb3 51.Rxb3 b5 52.cxb5 c4 53.Rf3 Ra5 54.Rf7+ Ke8 55.Re7+ Kd8 56.Kxc4 Rxa3
57.Rh7 Ra1 58.Kc5 Rc1+ 59.Kb6 Rc3 60.Kb7 Rb3 61.b6 Rc3 62.Ka8 Rc6 63.Rh8+ Kd7
64.Rh7+ Kd8 65.Ka7 Rc1 66.b7 Ra1+ 67.Kb6 Rb1+ 68.Kc5 Rc1+ 69.Kd4 Rd1+ 70.Ke3
1-0

[Event "Campeonato de Aragon por Equipos 2009"]
[Site "Aragon"]
[Date "2009.03.14"]
[Round "7.52"]
[White "Labrador Postigo Francisco"]
[Black "Cebollada Pacheco Jesus Raul"]
[Result "0-1"]
[WhiteElo "1953"]
[BlackElo "1992"]

1.d4 Nf6 2.c4 g6 3.Nc3 Bg7 4.Nf3 O-O 5.g3 d6 6.Bg2 Nc6 7.O-O Bf5 8.Nh4 Bg4 9.
f3 Bd7 10.e4 a6 11.Be3 Rb8 12.Rc1 Re8 13.Qd2 e5 14.d5 Nd4 15.f4 Ng4 16.Bxd4
exd4 17.Nd1 c5 18.h3 Ne3 19.Nxe3 dxe3 20.Qe2 b5 21.e5 bxc4 22.Qxe3 Rxb2 23.Qa3
Qb6 24.Rxc4 Rb4 25.Rfc1 dxe5 26.Kh2 exf4 27.gxf4 Rxc4 28.Rxc4 Bd4 29.Nf3 Bb5
30.Rc2 Re3 31.Qc1 Qd6 32.Nxd4 Qxf4+ 33.Kh1 cxd4 34.Rc8+ Kg7 35.Qb1 Qg3 0-1

[Event "Campeonato de Aragon por Equipos 2009"]
[Site "Aragon"]
[Date "2009.03.14"]
[Round "7.53"]
[White "Latorre Abad Fernando"]
[Black "Gavin Roche Enrique"]
[Result "1/2-1/2"]
[WhiteElo "2056"]
[BlackElo "2278"]

1.e4 d6 2.d4 Nf6 3.Nc3 e5 4.dxe5 dxe5 5.Qxd8+ Kxd8 6.Bc4 Be6 7.Bxe6 fxe6 8.f3
Bc5 9.Na4 Bd6 10.Be3 Ke7 11.Nh3 Nc6 12.c3 Nd7 13.b3 Ba3 14.Rb1 b5 15.Nb2 Bc5
16.Bg5+ Nf6 17.Nd3 Bd6 18.Nhf2 h6 19.Be3 g5 20.Ke2 Nh5 21.g3 a6 1/2-1/2

[Event "Campeonato de Aragon por Equipos 2009"]
[Site "Aragon"]
[Date "2009.03.14"]
[Round "7.54"]
[White "Van Ojik Mark"]
[Black "Cobo Garrido Diego Israel"]
[Result "1-0"]
[WhiteElo "2204"]
[BlackElo "2026"]

1.e4 c5 2.Nf3 Nc6 3.d4 cxd4 4.Nxd4 Nf6 5.Nc3 e5 6.Nf3 Bb4 7.Bc4 Bxc3+ 8.bxc3
Qa5 9.Qd3 O-O 10.O-O Qa4 11.Re1 h6 12.Bb3 Qa5 13.a4 d6 14.Ba3 Rd8 15.Rad1 Bg4
16.h3 Be6 17.Qb5 Qc7 18.Nh4 a6 19.Qd3 d5 20.exd5 Nxd5 21.Qg3 Nf4 22.Rxd8+ Rxd8
23.Bxe6 Nxe6 24.Nf5 Kh8 25.Re3 Rd1+ 26.Kh2 Qd8 27.Rd3 Rxd3 28.cxd3 Qg5 29.Qxg5
Nxg5 30.Nd6 Nd8 31.Bc5 Nge6 32.Bb6 Kg8 33.d4 exd4 34.cxd4 1-0